=LDR 00000nam 2200000 4500 =001 INLIS000000001052265 =005 20240820095952 =035 ##$$a 0010-0824000083 =007 ta =008 240820################b##########j#|## =020 ##$$a 978-89-11-02140-6 =082 ##$$a 028.55 =084 ##$$a 028.55 KWO t =100 #$$a Kwon Jeong-saeng =245 1#$$a Terbang menjauh /$c Kwon Jeong-saeng; ilustrator, Kim Yong-cheol =250 ##$$a Cet. 10, Juni 2009 =260 ##$$a Gyeonggi-do :$b Kookmin Library,$c 2003 =300 ##$$a 31 hlm. : $b ilus. ; $c 23 cm =650 #4$$a Bacaan kanak-kanak =700 #$$a Kim Yong-cheol (ilustrator) =990 ##$$a 16461646